| 000 | 00706nam a22002172 4500 | ||
|---|---|---|---|
| 001 | 0000000723 | ||
| 005 | 20151217161128.0 | ||
| 008 | 070216s xx 000 0 eng d | ||
| 020 |
_a085111752X : _cKES 1,200 |
||
| 040 |
_aKABU _cKABU |
||
| 050 | 0 |
_aBS501 _b.A1H57 |
|
| 245 | 1 | 0 |
_aHistorical handbook of major biblical interpreters / _ceditor, Donald K. McKim. |
| 260 |
_aLeicester, England : _bInter Varsity Press, _c1998. |
||
| 300 | _axxii, 643 p. | ||
| 600 | 1 | 0 |
_aBiblical scholars. _@0000149042 |
| 700 | 1 |
_aMcKim, Donald K. _@0000149043 |
|
| 908 | _a070216 | ||
| 950 | _@1 | ||
| 999 |
_c14860 _d14860 |
||